MARC

Tag First Indicator Second Indicator Subfields
LEADER 00000cam a2200000 i 4500
001 in00004640949
006 m o d
007 cr ||||||a|a|a
008 211101t20212021vaua fob 001 0 eng d
005 20230110224647.7
035 |a (OCoLC)on1282183037 
040 |a VASCE  |b eng  |e rda  |c VASCE  |d UIU  |d EBLCP  |d NJT  |d OCLCF  |d YDX  |d VT2  |d UIU  |d OCLCO  |d IAI  |d OSU 
019 |a 1286662290  |a 1286708283  |a 1286796483  |a 1286932297  |a 1286956255 
020 |a 9780784483657  |q (electronic book) 
020 |a 0784483655  |q (electronic book) 
020 |z 9780784415849  |q (paperback) 
020 |z 0784415846  |q (paperback) 
035 |a (OCoLC)1282183037  |z (OCoLC)1286662290  |z (OCoLC)1286708283  |z (OCoLC)1286796483  |z (OCoLC)1286932297  |z (OCoLC)1286956255 
050 4 |a TH441  |b .I58 2021eb 
082 0 4 |a 690/.21  |2 23 
049 |a TXAM 
245 0 0 |a Investigation of constructed facilities :  |b sampling methodologies /  |c edited by Jason D. Gregorie, Benjamin M. Cornelius ; prepared by Committee on Forensic Investigations, Forensic Engineering Division. 
250 |a First edition. 
264 1 |a Reston, Virginia :  |b American Society of Civil Engineers,  |c [2021] 
264 4 |c ©2021 
300 |a 1 online resource (x, 64 pages) :  |b illustrations (chiefly color) 
336 |a text  |b txt  |2 rdacontent 
337 |a computer  |b c  |2 rdamedia 
338 |a online resource  |b cr  |2 rdacarrier 
504 |a Includes bibliographical references and index. 
505 0 |a Introduction -- Random sampling -- Directed (nonrandom) sampling -- A proposed methodology for sample selection -- Appendix : sampling in testing standards. 
520 3 |a Prepared by the Committee on Forensic Investigations of the Forensic Engineering Division of ASC EInvestigation of Constructed Facilities: Sampling Methodologies provides an in-depth discussion of the relevance and reliability of sampling methods used in the investigation of constructed facilities. For investigations, the sampling of as-built conditions often becomes a basis on which a forensic engineer draws conclusions about the causes, prevalence, and severity of defects in the facility. The diagnostic nature of forensic engineering lends itself to a wide range of sampling strategies and may include random sampling, directed sampling, or both. This book covers Sampling techniques for defect investigations;Applicability of both random and directed sampling approaches; Forensic engineering influence on sampling methodology; and Approaches, considerations, and a framework that engineers may use in developing sampling protocols for evaluating constructed facilities.This book will be of value to structural and civil engineers, as well as those involved with evaluating constructed facilities, particularly in the context of construction defect claims. 
588 0 |a Description based on print version record. 
650 0 |a Building failures  |x Investigation. 
650 0 |a Forensic engineering. 
650 0 |a Building inspection. 
650 6 |a Ingénierie légale. 
650 6 |a Construction  |x Inspection. 
650 7 |a Building failures  |x Investigation.  |2 fast  |0 (OCoLC)fst00840664 
650 7 |a Building inspection.  |2 fast  |0 (OCoLC)fst00840679 
650 7 |a Forensic engineering.  |2 fast  |0 (OCoLC)fst00931960 
653 0 |a Forensic engineering 
653 0 |a Defects and imperfections 
653 0 |a Construction methods 
653 0 |a Diagnosis 
653 0 |a Structural engineering 
653 0 |a Value engineering 
653 0 |a Claims 
655 7 |a Electronic books.  |2 local 
700 1 |a Gregorie, Jason D.,  |e editor. 
700 1 |a Cornelius, Benjamin M.,  |e editor. 
710 2 |a Knovel (Firm) 
710 2 |a American Society of Civil Engineers.  |b Committee on Forensic Investigation. 
776 0 8 |i Print version:  |t Investigation of constructed facilities.  |b First edition.  |d Reston, VA : American Society of Civil Engineers, [2021]  |z 9780784415849  |w (DLC) 2021022253  |w (OCoLC)1258040404 
856 4 0 |u http://proxy.library.tamu.edu/login?url=https://app.knovel.com/hotlink/toc/id:kpICFSM001/investigation-of-constructed?kpromoter=marc  |z Connect to the full text of this electronic book  |t 0 
955 |a Knovel ebooks 
994 |a 92  |b TXA 
999 f f |s 52d61566-a7d9-4228-ac91-b23b4a97eafc  |i 44ecde08-27b3-4a1c-a535-f66607cbbbee  |t 0 
952 f f |a Texas A&M University  |b College Station  |c Electronic Resources  |d Available Online  |t 0  |e TH441 .I58 2021eb  |h Library of Congress classification 
998 f f |a TH441 .I58 2021eb  |t 0  |l Available Online